Statistics for Former Spouses Quiz #2

Click here to take the quiz!

General Stats

  • This quiz has been taken 12,973 times
    (6,204 since last reset)
  • The average score is 13 of 23

Answer Stats

YearsCelebrityFormer Spouse% Correct
2010-2012Russell BrandKaty Perry
80%
1992-2007Whitney HoustonBobby Brown
79%
2004-2014Marc AnthonyJennifer Lopez
77%
1964-1975CherSonny Bono
74%
2003-2015Gwyneth PaltrowChris Martin
72%
2005-2012SealHeidi Klum
71%
2008-2015Nick CannonMariah Carey
63%
2011-2013Kris HumphriesKim Kardashian
61%
2006-2007Kid RockPamela Anderson
61%
1990-1999Jerry HallMick Jagger
60%
2002-2006Charlie SheenDenise Richards
58%
2002-2015Gavin RossdaleGwen Stefani
57%
2004-2010Elin NordegrenTiger Woods
56%
1986-2011Arnold SchwarzeneggerMaria Shriver
56%
2008-2011Scarlett JohanssonRyan Reynolds
55%
1940-1960Lucille BallDesi Arnaz
52%
2008-2011Pete WentzAshlee Simpson
44%
2002-2007David GestLiza Minnelli
43%
2007-2011Eva LongoriaTony Parker
43%
1998-1999Dennis RodmanCarmen Electra
42%
1940-1949Jane WymanRonald Reagan
38%
2003-2010Sam MendesKate Winslet
37%
2005Kenny ChesneyRenee Zellweger
33%

Score Distribution

Percentile by Number Answered

Percent of People with Each Score

Your Score History

You have not taken this quiz since the last reset